000 00629cab a22001935a 4500
001 L158412
008 150206e20150131xxk 000 0 eng d
035 _a(Sirsi) u158412
041 0 _aeng
100 1 _aGill, Suzanne
245 0 0 _aEssential lease expiry tips
260 _c2015
490 _aEstates Gazette
_v(1504) 31 January 2015, 91(1)
520 _aExplores the issues arising from leasing trends revealed in the latest IPD Lease Events Review. Includes information about dilapidations, rent, double rent and VAT.
590 _aKA
651 4 _aUnited Kingdom
690 _aCommercial property
_96227
942 _n0
999 _c84590
_d84590